000
00343nam a2200169Ia 4500
003
0STCL
008
150530s9999 xx 000 0 und d
040
_a
STCL
_c
STCL
100
_a
Vallathol
245
_a
Sahitya Manjeri
260
_c
0
300
_a
0
546
_a
Hindi
942
_2
ddc
_c
BK
999
_c
47187
_d
47187
005
20220125170721.0